000 00750nam a2200253Ia 4500
003 OSt
005 20220918165823.0
006 a|||||r|||| 00| 0
007 ta
008 220917b |||||||| |||| 00| 0 eng d
020 _a8173047499 (hbk)
_c850
024 _a240,561
037 _b206, 12/09/2009, Eastern Book Linkers
_cTextual
040 _aARTS
_cARTS
_beng
041 _2eng
_aeng
082 _aP44, P7
100 _aDezso Csaba Ed.
_925613
245 0 _aIndian languages and texts through tha ages
260 _aDelhi
_bManohar India
_c2007
300 _axxviii, 388p.
_ccm.
650 _aLINGUISTICS
942 _hP44, P7
_cTEXL
_2CC
999 _c131197
_d131197